[Event "2.BLO 0607 Nickelhütte Aue - Sf Schönec"]
[Site "?"]
[Date "2007.02.04"]
[Round "5.1"]
[White "Konopka, Mihal"]
[Black "Meijers, Viesturs"]
[Result "1/2-1/2"]
[WhiteElo "2426"]
[BlackElo "2465"]
[PlyCount "107"]
[EventDate "2007.??.??"]

1. d4 Nf6 2. Nf3 e6 3. g3 b6 4. Bg2 Bb7 5. O-O c5 6. c4 cxd4 7. Qxd4 Nc6 8. Qf4
d5 9. Rd1 Bd6 10. Qh4 Be7 11. Bg5 Ne4 12. Bxe7 Nxe7 13. cxd5 exd5 14. Nbd2 Nf6
15. Qa4+ Bc6 16. Qa3 O-O 17. Rac1 Bb7 18. Nd4 a6 19. N2f3 Rc8 20. Ne5 Rxc1 21.
Rxc1 Re8 22. Qc3 Ng6 23. Nxg6 hxg6 24. Qc7 Qxc7 25. Rxc7 Rb8 26. e3 Ne8 27. Rd7
Nf6 28. Rc7 Ne8 29. Rd7 Nf6 30. Rd6 Ba8 31. Nc6 Bxc6 32. Rxc6 Kf8 33. Rc7 Rd8
34. Rc6 Rb8 35. h4 Ke8 36. Rc7 Rd8 37. Rc6 Rb8 38. Rc7 Rd8 39. Kf1 d4 40. exd4
Rxd4 41. Ke2 Rd6 42. Bf3 Nd7 43. Bc6 Kd8 44. Rxd7+ Rxd7 45. Bxd7 Kxd7 46. Kd3
Kc6 47. Kc4 f6 48. b4 Kd6 49. Kd4 Kc6 50. a4 Kd6 51. f3 Ke6 52. Ke4 Kd6 53. Kd4
Ke6 54. Ke4 1/2-1/2

[Event "2.BLO 0607 Nickelhütte Aue - Sf Schönec"]
[Site "?"]
[Date "2007.02.04"]
[Round "5.2"]
[White "Rogozenko, Dorian"]
[Black "Petr, Martin"]
[Result "1-0"]
[WhiteElo "2527"]
[BlackElo "2417"]
[PlyCount "97"]
[EventDate "2007.??.??"]

1. d4 d5 2. c4 c6 3. Nc3 e6 4. Nf3 Nf6 5. Bg5 dxc4 6. e4 b5 7. e5 h6 8. Bh4 g5
9. Nxg5 hxg5 10. Bxg5 Nbd7 11. g3 Rg8 12. h4 Rxg5 13. hxg5 Nd5 14. g6 fxg6 15.
Qg4 Qe7 16. Bg2 Kd8 17. Qxg6 Qb4 18. Qc2 Qa5 19. Kf1 b4 20. Ne4 Be7 21. Kg1
N7b6 22. Rh7 b3 23. Qb1 bxa2 24. Rxa2 Qb4 25. Qc1 a5 26. g4 Bd7 27. g5 Kc7 28.
Nf6 Qb3 29. Ra1 Bf8 30. Be4 a4 31. g6 a3 32. bxa3 Nc3 33. Bf3 Nb5 34. Qe3 Qb2
35. Rd1 Rxa3 36. Qe4 Rxf3 37. Qxf3 Nxd4 38. Ne8+ Kb7 39. Qxf8 Qc2 40. Rxd7+
Nxd7 41. Qb4+ Nb6 42. Nd6+ Kc7 43. Rxd4 Qxg6+ 44. Kf1 Qh5 45. Qa5 Qh1+ 46. Ke2
Qh5+ 47. Ke1 Qh1+ 48. Kd2 c3+ 49. Kc2 1-0

[Event "2.BLO 0607 Nickelhütte Aue - Sf Schönec"]
[Site "?"]
[Date "2007.02.04"]
[Round "5.3"]
[White "Alber, Horst"]
[Black "Gaponenko, Inna"]
[Result "0-1"]
[WhiteElo "2400"]
[BlackElo "2448"]
[PlyCount "62"]
[EventDate "2007.??.??"]

1. d4 Nf6 2. c4 e6 3. Nf3 c5 4. d5 exd5 5. cxd5 d6 6. Nc3 g6 7. e4 a6 8. Be2 b5
9. e5 dxe5 10. Nxe5 Bd6 11. f4 O-O 12. O-O Bb7 13. Bf3 Nbd7 14. Nc6 Qc7 15. g3
Rfe8 16. b3 b4 17. Na4 Nb6 18. Nxb6 Qxb6 19. Kh1 Rac8 20. Ne5 Bxe5 21. fxe5
Nxd5 22. Qxd5 Bxd5 23. Bxd5 Rc7 24. Rf6 Qb5 25. Bc4 Qb7+ 26. Kg1 Qe4 27. Bb2
Qe3+ 28. Kh1 Rd8 29. Raf1 Qe4+ 30. R6f3 Rd2 31. Bc1 Rd1 0-1

[Event "2.BLO 0607 Nickelhütte Aue - Sf Schönec"]
[Site "?"]
[Date "2007.02.04"]
[Round "5.4"]
[White "Vasilevich, Tatjana"]
[Black "Telljohann, Sven"]
[Result "1-0"]
[WhiteElo "2396"]
[BlackElo "2419"]
[PlyCount "53"]
[EventDate "2007.??.??"]

1. d4 g6 2. g3 Bg7 3. Bg2 c5 4. d5 d6 5. Nf3 b5 6. O-O Nf6 7. Nfd2 O-O 8. a4 b4
9. Nc4 Nbd7 10. a5 {(=)} 10... Ba6 11. Nbd2 Ne8 12. f4 Rb8 13. e4 e6 14. dxe6
fxe6 15. Re1 e5 16. fxe5 Nxe5 17. Nxe5 Bxe5 18. Nf3 Bg7 19. Bg5 Qc7 20. e5 dxe5
21. Nxe5 Nf6 22. Nc6 Rbe8 23. Bf4 Rxe1+ 24. Qxe1 Qf7 25. Rd1 Re8 26. Rd8 Bb5
27. Bd6 1-0

[Event "2.BLO 0607 Nickelhütte Aue - Sf Schönec"]
[Site "?"]
[Date "2007.02.04"]
[Round "5.5"]
[White "Ortmann, David"]
[Black "Wichmann, Cliff"]
[Result "0-1"]
[WhiteElo "2306"]
[BlackElo "2391"]
[PlyCount "130"]
[EventDate "2007.??.??"]

1. Nf3 d5 2. d4 Nf6 3. c4 c6 4. Nc3 e6 5. e3 Nbd7 6. Bd3 dxc4 7. Bxc4 b5 8. Bd3
Bb7 9. a3 b4 10. Ne4 c5 11. Nxc5 Nxc5 12. dxc5 Bxc5 13. Qa4+ Kf8 14. Be2 Qb6
15. O-O Bc6 16. Qc2 b3 17. Qc4 Bd5 18. Qh4 Be7 19. Rd1 Ne4 20. Qh5 Bf6 21. Nd4
g6 22. Qh6+ Bg7 23. Qh4 h5 24. f3 Bf6 25. Qe1 Nc5 26. Qb4 Kg7 27. e4 Bb7 28.
Be3 Rhc8 29. Rac1 Qxb4 30. axb4 Na4 31. Nxb3 Bxb2 32. Rxc8 Bxc8 33. Rd8 Bf6 34.
Re8 Nb6 35. Na5 Bc3 36. Nc6 Bd7 37. Rxa8 Nxa8 38. b5 a6 39. Bd4+ Bxd4+ 40. Nxd4
{(=)} 40... e5 41. Nc6 Kf6 42. Kf2 Be8 43. Ke3 Ke6 44. Na7 a5 45. Nc6 Bxc6 46.
Bc4+ Ke7 47. bxc6 f6 48. h4 Nb6 49. Kd3 Nc8 50. Kc3 Kd6 51. Bd5 Ne7 52. Kc4
Nxc6 53. Kb5 Nd4+ 54. Kxa5 g5 55. hxg5 fxg5 56. Bf7 h4 57. Bh5 Kc5 58. Bg4 Ne2
59. Ka6 Nf4 60. Kb7 Nxg2 61. Kc7 Nf4 62. Kd7 h3 63. Bxh3 Nxh3 64. Ke6 Kd4 65.
Kf5 Ng1 0-1

[Event "2.BLO 0607 Nickelhütte Aue - Sf Schönec"]
[Site "?"]
[Date "2007.02.04"]
[Round "5.6"]
[White "Diebl, Lutz"]
[Black "Marchio, Enrico"]
[Result "1/2-1/2"]
[WhiteElo "2238"]
[BlackElo "2277"]
[PlyCount "47"]
[EventDate "2007.??.??"]

1. Nf3 d5 2. Nc3 Nf6 3. d4 g6 4. Bf4 Bg7 5. e3 c6 6. h3 Nbd7 7. Bd3 b5 8. O-O
O-O 9. a3 a6 10. e4 dxe4 11. Nxe4 Qb6 12. Nxf6+ Nxf6 13. Re1 Bf5 14. Bxf5 gxf5
15. Qc1 Ne4 16. c3 c5 17. dxc5 Qxc5 18. Be3 Qc7 19. Nd4 e6 20. f3 Nc5 21. Bh6
Qg3 22. Bxg7 Kxg7 23. Qe3 Rac8 24. Ne2 {(=)} 1/2-1/2

[Event "2.BLO 0607 Nickelhütte Aue - Sf Schönec"]
[Site "?"]
[Date "2007.02.04"]
[Round "5.7"]
[White "Timpel, Klaus"]
[Black "Heinz, Juergen"]
[Result "0-1"]
[WhiteElo "2248"]
[BlackElo "2274"]
[PlyCount "104"]
[EventDate "2007.??.??"]

1. e4 Nf6 2. e5 Nd5 3. d4 d6 4. Nf3 g6 5. Be2 Bg7 6. O-O O-O 7. c4 Nb6 8. exd6
cxd6 9. Nc3 Bg4 10. Be3 Nc6 11. d5 Bxf3 12. gxf3 Ne5 13. Bd4 Rc8 14. b3 Bh6 15.
Be3 Bg7 16. Rc1 Ned7 17. Qd2 Nf6 18. Rfd1 Nbd7 19. f4 Nc5 20. b4 Ncd7 21. f3 a5
22. a3 Nh5 23. Nb5 axb4 24. axb4 b6 25. Bf1 Ra8 26. Bd4 Bh6 27. Be3 Qc8 28. Bh3
f5 29. Nd4 Qb7 30. Ne6 Rfc8 31. Kh1 Ra3 32. Rc3 Rca8 33. Rdc1 Nf8 34. Nd8 Qc7
35. Nc6 Bg7 36. Bd4 Ra2 37. Qe3 Bh6 38. Bxb6 Qd7 39. Qxe7 Bxf4 40. R1c2 Qxe7
41. Nxe7+ Kf7 42. Nc6 Bd2 43. Rxd2 Rxd2 44. Rc1 Nf4 45. Bf1 Raa2 46. Re1 g5 47.
Bc7 N8g6 48. Bxd6 Rxh2+ 49. Kg1 Nh4 50. Ne5+ Kg7 51. c5 Nh3+ 52. Bxh3 Rxh3 0-1

[Event "2.BLO 0607 Nickelhütte Aue - Sf Schönec"]
[Site "?"]
[Date "2007.02.04"]
[Round "5.8"]
[White "Schnabel, Ralf"]
[Black "Schoebel, Wolfgang"]
[Result "1-0"]
[WhiteElo "2229"]
[BlackElo "2240"]
[PlyCount "85"]
[EventDate "2007.??.??"]

1. e4 e6 2. d4 d5 3. Nd2 Nc6 4. Ngf3 Nf6 5. e5 Nd7 6. Be2 a5 7. c4 dxc4 8. Nxc4
Bb4+ 9. Kf1 Be7 10. h4 Nb4 11. Rh3 b6 12. Rg3 g6 13. h5 Bb7 14. Bh6 Nf8 15. Qd2
Qd7 16. Ng5 f5 17. exf6 Bxf6 18. Rd1 O-O-O 19. Bxf8 Bxg5 20. Qxg5 Rdxf8 21. Kg1
Rf5 22. Qc1 Kb8 23. Ne3 Rff8 24. a3 Nd5 25. Nxd5 Bxd5 26. Qe3 gxh5 27. Bxh5
Rhg8 28. Rxg8 Rxg8 29. Bf3 Qa4 30. Rc1 Bxf3 31. Qxf3 Qxd4 32. g3 Qd7 33. b4 Rg5
34. Rd1 Rd5 35. Re1 Rd3 36. Qf8+ Kb7 37. bxa5 Rd1 38. Qf3+ Rd5 39. axb6 cxb6
40. Qe4 e5 41. Rd1 Kc6 42. Qc4+ Rc5 43. Qa4+ 1-0

[Event "2.BLO 0607 Erfurter SK - SC Bamberg"]
[Site "?"]
[Date "2007.02.04"]
[Round "5.2"]
[White "Haba, Petr"]
[Black "Meister, Peter"]
[Result "0-1"]
[WhiteElo "2526"]
[BlackElo "2370"]
[PlyCount "104"]
[EventDate "2007.??.??"]

1. e4 e6 2. d4 d5 3. e5 c5 4. c3 Nc6 5. Nf3 Bd7 6. dxc5 Bxc5 7. b4 Bb6 8. b5
Na5 9. Bd3 Ne7 10. O-O Qc7 11. a4 Ng6 12. Re1 O-O-O 13. Ra2 f6 14. Bxg6 hxg6
15. Ba3 fxe5 16. Nxe5 Nc4 17. Nxc4 Qxh2+ 18. Kf1 dxc4 19. Qg4 e5 20. Qxc4+ Kb8
21. Bd6+ Ka8 22. a5 Qh1+ 23. Ke2 Qxg2 24. axb6 Bg4+ 25. Kd2 Qxf2+ 26. Kc1 Qxe1+
27. Kc2 Qf2+ 28. Kc1 Qxb6 29. Bc5 Rc8 30. Bxb6 Rxc4 31. Bxa7 b6 32. Bxb6+ Kb7
33. Be3 Ra8 34. Rxa8 Kxa8 35. Kb2 Re4 36. Bg5 Be2 37. Na3 Bc4 38. Nxc4 Rxc4 39.
Kb3 Rg4 40. Be7 g5 41. c4 Rg1 42. Kc2 e4 43. c5 e3 44. Kd3 g4 45. Bd6 Rb1 46.
Kxe3 Rxb5 47. Kf4 Rb4+ 48. Kg3 Rc4 49. Bf8 g6 50. c6 Rxc6 51. Kxg4 Rf6 52. Bh6
Rf5 0-1

[Event "2.BLO 0607 Erfurter SK - SC Bamberg"]
[Site "?"]
[Date "2007.02.04"]
[Round "5.3"]
[White "Stehno, Pavel"]
[Black "Kuczynski, Robert"]
[Result "1/2-1/2"]
[WhiteElo "2273"]
[BlackElo "2488"]
[PlyCount "91"]
[EventDate "2007.??.??"]

1. e4 c5 2. Nf3 d6 3. d4 cxd4 4. Nxd4 Nf6 5. Nc3 a6 6. Bc4 e6 7. Bb3 b5 8. O-O
Be7 9. f4 Bb7 10. f5 e5 11. Nde2 Nbd7 12. Bg5 Rc8 13. Bxf6 Nxf6 14. Qd3 O-O 15.
Kh1 b4 16. Nd5 Bxd5 17. exd5 Qb6 18. Ng3 a5 19. a4 e4 20. Nxe4 Nxe4 21. Qxe4
Bf6 22. Rab1 Rfe8 23. Qg4 Qd4 24. Rf4 Qxb2 25. Rbf1 Qc3 26. Re4 Re5 27. Rxe5
Qxe5 28. Qf4 Re8 29. Qxe5 Rxe5 30. g3 Kf8 31. Kg2 Bd8 32. Rf4 Bb6 33. Rh4 Re2+
34. Kf3 Rf2+ 35. Ke4 h6 36. h3 Ke7 37. Rf4 Rh2 38. Kd3 Rxh3 39. Kc4 Kf6 40. Kb5
Bd8 41. Rg4 h5 42. Rh4 g6 43. fxg6 fxg6 44. Rf4+ Ke7 45. Kc6 g5 46. Rd4 1/2-1/2

[Event "2.BLO 0607 Erfurter SK - SC Bamberg"]
[Site "?"]
[Date "2007.02.04"]
[Round "5.4"]
[White "Machelett, Heiko"]
[Black "Smistik, Milan"]
[Result "1-0"]
[WhiteElo "2424"]
[BlackElo "2401"]
[PlyCount "59"]
[EventDate "2007.??.??"]

1. d4 d5 2. c4 c6 3. Nc3 Nf6 4. cxd5 cxd5 5. Bf4 a6 6. e3 Nc6 7. Bd3 e6 8. Rc1
Bd6 9. Bxd6 Qxd6 10. f4 O-O 11. Nf3 b5 12. Ne5 Bb7 13. O-O Na5 14. Qf3 Nd7 15.
Qh3 f5 16. g4 g6 17. Rc2 Nxe5 18. fxe5 Qe7 19. gxf5 gxf5 20. Rg2+ Kh8 21. Ne2
Rg8 22. Nf4 Rxg2+ 23. Kxg2 Rg8+ 24. Kf2 Bc8 25. Qh6 Bd7 26. Rc1 Rg7 27. Rc7 Nc4
28. Bxc4 bxc4 29. Ra7 Qf8 30. Ng6+ 1-0

[Event "2.BLO 0607 Erfurter SK - SC Bamberg"]
[Site "?"]
[Date "2007.02.04"]
[Round "5.5"]
[White "Haag, Wolfgang"]
[Black "Enders, Peter"]
[Result "0-1"]
[WhiteElo "2264"]
[BlackElo "2434"]
[PlyCount "118"]
[EventDate "2007.??.??"]

1. f4 d5 2. Nf3 Nf6 3. e3 g6 4. Be2 Bg7 5. O-O O-O 6. d3 Nbd7 7. Nc3 c5 8. Qe1
b6 9. e4 d4 10. Nd1 Bb7 11. Qh4 e6 12. g4 Ne8 13. g5 f5 14. gxf6 Qxf6 15. Qg3
Qe7 16. Nf2 Nef6 17. Ng5 e5 18. f5 gxf5 19. exf5 Kh8 20. Bf3 Bxf3 21. Qxf3 Bh6
22. Kh1 Rg8 23. Rg1 Bxg5 24. Bxg5 Qf7 25. Ne4 Qd5 26. Rae1 Nxe4 27. Rxe4 Raf8
28. b3 Rf7 29. Bh4 Rxg1+ 30. Kxg1 Qa8 31. Bg3 Qc6 32. Qe2 Rxf5 33. Bxe5+ Nxe5
34. Rxe5 Qg6+ 35. Kh1 Rf8 36. Re6 Qg5 37. Qe5+ Qxe5 38. Rxe5 Rf2 39. Re8+ Kg7
40. Re7+ Kg6 41. Rxa7 Rxc2 42. Ra6 Kf5 43. a4 Kf4 44. Rxb6 Ke3 45. b4 cxb4 46.
Rxb4 Kf2 47. Rb1 Ra2 48. h4 Rxa4 49. Kh2 Ra7 50. Kh3 Ke2 51. Rb3 Kd2 52. Kg4
Kc2 53. Rb8 Kxd3 54. h5 Rc7 55. Ra8 Ke2 56. Re8+ Kd2 57. h6 d3 58. Rg8 Kc2 59.
Rg7 Rc4+ 0-1

[Event "2.BLO 0607 Erfurter SK - SC Bamberg"]
[Site "?"]
[Date "2007.02.04"]
[Round "5.6"]
[White "Casper, Thomas"]
[Black "Huemmer, Bernd"]
[Result "1-0"]
[WhiteElo "2416"]
[BlackElo "2213"]
[PlyCount "87"]
[EventDate "2007.??.??"]

1. e4 d6 2. d4 Nf6 3. Nc3 e5 4. dxe5 dxe5 5. Qxd8+ Kxd8 6. Bc4 Be6 7. Bxe6 fxe6
8. f3 a6 9. Nh3 Bd6 10. Nf2 Ke7 11. Ncd1 Nc6 12. Nd3 Nb4 13. Nxb4 Bxb4+ 14. Ke2
h6 15. Nf2 Rhf8 16. Nd3 Bd6 17. b3 Nd7 18. Bb2 Rg8 19. h4 b5 20. h5 Rab8 21.
Rhg1 b4 22. a3 bxa3 23. Bxa3 Rb6 24. Bb2 Rc8 25. Ra4 c5 26. Rga1 Rcc6 27. Bc3
c4 28. Rxc4 Rxc4 29. bxc4 Rc6 30. Ra4 Bc7 31. Bd2 Nb6 32. Rxa6 Rxc4 33. Kd1 Nd7
34. Ra7 Bd6 35. c3 Rc8 36. Kc2 Rd8 37. Nb4 Kf6 38. Nc6 Rc8 39. Rxd7 Rxc6 40.
Kd3 Bc7 41. c4 Rd6+ 42. Rxd6 Bxd6 43. Be3 Ba3 44. c5 1-0

[Event "2.BLO 0607 Erfurter SK - SC Bamberg"]
[Site "?"]
[Date "2007.02.04"]
[Round "5.8"]
[White "Troyke, Christian"]
[Black "Krauseneck, Peter Dr"]
[Result "1-0"]
[WhiteElo "2390"]
[BlackElo "2273"]
[PlyCount "81"]
[EventDate "2007.??.??"]

1. g3 e5 2. c4 f5 3. Bg2 Nc6 4. Nc3 a6 5. e3 Bc5 6. Nge2 d6 7. d4 Ba7 8. dxe5
Nxe5 9. b3 Nf6 10. O-O O-O 11. Bb2 Rb8 12. Nd4 Qe8 13. Nd5 c6 14. Nxf6+ Rxf6
15. Nf3 Rh6 16. Nxe5 dxe5 17. Qd3 Bc5 18. Rfd1 Bd6 19. f4 e4 20. Qd4 Qf8 21. a3
Be7 22. Qa7 Be6 23. Be5 Rc8 24. Qxb7 a5 25. b4 axb4 26. axb4 Bxc4 27. Rd7 Re6
28. Ra7 Rd8 29. Rxd8 Bxd8 30. Bxg7 Qe7 31. Qb8 Qd6 32. Qxd6 Rxd6 33. Bd4 Bb6
34. Ra8+ Kf7 35. Bxb6 Rd1+ 36. Kf2 Rd2+ 37. Ke1 Rxg2 38. Ra7+ Kg6 39. Bd4 Rxh2
40. Rg7+ Kh6 41. Rg5 1-0

[Event "2.BLO 0607 Lok Leipzig Mit - SC Forchhe"]
[Site "?"]
[Date "2007.02.04"]
[Round "5.1"]
[White "Jansa, Vlastimil"]
[Black "Wernert, Wilfrid"]
[Result "1-0"]
[WhiteElo "2479"]
[BlackElo "2353"]
[PlyCount "97"]
[EventDate "2007.??.??"]

1. e4 e5 2. Nf3 Nc6 3. Bb5 Nf6 4. O-O Bc5 5. c3 O-O 6. d4 Bb6 7. Bg5 h6 8. Bh4
exd4 9. e5 g5 10. Bg3 Nh5 11. cxd4 Nxg3 12. hxg3 f6 13. Nc3 fxe5 14. dxe5 d6
15. exd6 Qxd6 16. Qxd6 cxd6 17. Rad1 g4 18. Nh4 Bc5 19. Ne4 Be6 20. Ng6 Rfe8
21. Nf6+ Kf7 22. Nxe8 Rxe8 23. Nf4 Bxa2 24. Ra1 Bb3 25. Rfc1 Rc8 26. Rc3 Be6
27. Bc4 Bxc4 28. Rxc4 Ne5 29. Rc2 Rc6 30. Rd1 Rb6 31. Re1 Rb3 32. Rxc5 dxc5 33.
Rxe5 c4 34. Re2 b5 35. Kf1 a5 36. Ke1 a4 37. Kd1 c3 38. bxc3 Rxc3 39. Rb2 Rc5
40. Rc2 Re5 41. Rc7+ Kg8 42. Ra7 Rc5 43. Kd2 Kh8 44. Nd3 Rd5 45. Ke3 Kg8 46.
Rb7 Rg5 47. Ke4 Rh5 48. Ne5 a3 49. Rxb5 1-0

[Event "2.BLO 0607 Lok Leipzig Mit - SC Forchhe"]
[Site "?"]
[Date "2007.02.04"]
[Round "5.2"]
[White "Spiess, Gunter"]
[Black "Heidrich, Manfred"]
[Result "1/2-1/2"]
[WhiteElo "2403"]
[BlackElo "2405"]
[PlyCount "63"]
[EventDate "2007.??.??"]

1. d4 f5 2. g3 Nf6 3. Nf3 g6 4. Bg2 Bg7 5. b4 d6 6. Bb2 e5 7. dxe5 Nfd7 8. Nbd2
Nxe5 9. Nxe5 Bxe5 10. Bxe5 dxe5 11. Nc4 Qe7 12. O-O Nd7 13. Qd5 e4 14. f3 Nf6
15. Qb5+ c6 16. Qc5 Qxc5+ 17. bxc5 e3 18. Nd6+ Ke7 19. Rfb1 Rb8 20. Nxc8+ Rhxc8
21. Rb3 Kd7 22. Rxe3 Re8 23. Rd1+ Kc7 24. Rdd3 Nd5 25. Rxe8 Rxe8 26. e4 {(=)}
26... fxe4 27. fxe4 Nb4 28. Rf3 Re7 29. Ra3 Na6 30. Rc3 Re5 31. Rf3 Re7 32. c3
1/2-1/2

[Event "2.BLO 0607 Lok Leipzig Mit - SC Forchhe"]
[Site "?"]
[Date "2007.02.04"]
[Round "5.3"]
[White "Orsag, Milan"]
[Black "Schubert, Thomas"]
[Result "1/2-1/2"]
[WhiteElo "2423"]
[BlackElo "2366"]
[PlyCount "55"]
[EventDate "2007.??.??"]

1. d4 Nf6 2. c4 d6 3. Nc3 g6 4. e4 Bg7 5. f4 O-O 6. Nf3 c5 7. d5 e6 8. Be2 exd5
9. cxd5 Bg4 10. O-O Bxf3 11. Bxf3 Nbd7 12. g4 Ne8 13. Be3 Rb8 14. a4 a6 15. Qd3
Qa5 16. Rfb1 Rc8 17. Kh1 c4 18. Qc2 Qb4 19. Na2 Qa5 20. Rc1 b5 21. axb5 axb5
22. Nc3 Qb4 23. Ra6 Nc7 24. Rc6 Nb8 25. Rb6 Nd7 26. Rc6 Nb8 27. Rb6 Nd7 28. Rc6
1/2-1/2

[Event "2.BLO 0607 Lok Leipzig Mit - SC Forchhe"]
[Site "?"]
[Date "2007.02.04"]
[Round "5.4"]
[White "Boehnisch, Manfred"]
[Black "Zwanzger, Johannes"]
[Result "1/2-1/2"]
[WhiteElo "2378"]
[BlackElo "2340"]
[PlyCount "41"]
[EventDate "2007.??.??"]

1. e4 c5 2. Nf3 e6 3. c3 d5 4. exd5 Qxd5 5. d4 Nf6 6. Na3 Nc6 7. Nb5 Qd8 8.
dxc5 Bxc5 9. Qxd8+ Kxd8 10. Bf4 Nd5 11. Bd6 Bxd6 12. Nxd6 Ke7 13. Nxc8+ Raxc8
14. g3 Rhd8 15. Bg2 Nb6 16. Ke2 Na4 17. Rab1 Rd7 18. Rhd1 Rcd8 19. Rxd7+ Rxd7
20. Ke3 Nb6 21. Bf1 {(=)} 1/2-1/2

[Event "2.BLO 0607 Lok Leipzig Mit - SC Forchhe"]
[Site "?"]
[Date "2007.02.04"]
[Round "5.5"]
[White "Niedermaier, Hans"]
[Black "Stettler, Michael"]
[Result "1/2-1/2"]
[WhiteElo "2282"]
[BlackElo "2276"]
[PlyCount "30"]
[EventDate "2007.??.??"]

1. e4 c6 2. d4 d5 3. Nc3 dxe4 4. Nxe4 Nd7 5. c3 Ngf6 6. Nxf6+ Nxf6 7. Bc4 Qc7
8. Qb3 e6 9. Nf3 Bd6 10. Bg5 b6 11. Bxf6 gxf6 12. O-O-O Bb7 13. Kb1 O-O-O 14.
Rhe1 Kb8 15. g3 Rhe8 {(=)} 1/2-1/2

[Event "2.BLO 0607 Lok Leipzig Mit - SC Forchhe"]
[Site "?"]
[Date "2007.02.04"]
[Round "5.6"]
[White "Schultz, Andreas"]
[Black "Doeres, Hans-Juergen"]
[Result "1-0"]
[WhiteElo "2260"]
[BlackElo "2241"]
[PlyCount "45"]
[EventDate "2007.??.??"]

1. d4 d5 2. c4 c6 3. Nc3 Nf6 4. e3 Bf5 5. cxd5 Nxd5 6. Nxd5 Qxd5 7. Ne2 e5 8.
Nc3 Qd6 9. Be2 exd4 10. exd4 Be7 11. O-O O-O 12. d5 Bf6 13. Bf3 Rd8 14. Qb3
Bxc3 15. bxc3 cxd5 16. Rd1 Nc6 17. Bg5 Rd7 18. Rxd5 Qe6 19. Rad1 Re8 20. h3 Ne5
21. Rxd7 Qg6 22. Rd8 Nxf3+ 23. Kh1 1-0

[Event "2.BLO 0607 Lok Leipzig Mit - SC Forchhe"]
[Site "?"]
[Date "2007.02.04"]
[Round "5.7"]
[White "Cifka, Stanislav"]
[Black "Gempe, Thomas"]
[Result "1/2-1/2"]
[WhiteElo "2341"]
[BlackElo "2272"]
[PlyCount "168"]
[EventDate "2007.??.??"]

1. d4 d5 2. c4 c6 3. Nc3 Nf6 4. e3 e6 5. Nf3 Nbd7 6. Bd3 dxc4 7. Bxc4 b5 8. Bd3
Bb7 9. e4 b4 10. Na4 c5 11. e5 Nd5 12. Nxc5 Bxc5 13. dxc5 Nxc5 14. Bb5+ Ke7 15.
Qd4 Qb6 16. Qh4+ Kf8 17. Bc4 Ne7 18. Be3 Bxf3 {(=)} 19. gxf3 Nf5 20. Qf4 h6 21.
Rd1 g5 22. Qg4 Ke7 23. Ke2 Qc7 24. f4 gxf4 25. Qxf4 Rac8 26. Bd3 Nxd3 27. Rxd3
Qc2+ 28. Rd2 Qc4+ 29. Qxc4 Rxc4 30. Rhd1 Rc7 31. Bf4 Rhc8 32. Kf3 Rg8 33. Rd3
Nh4+ 34. Ke2 Nf5 35. Bg3 Rc2+ 36. R1d2 Rxd2+ 37. Kxd2 Rc8 38. b3 Rc5 39. Bf4
Ra5 40. Kc1 Rxa2 41. Bd2 Ke8 42. f4 Ra1+ 43. Kb2 Rd1 44. Kc2 Rh1 45. Bxb4 Rxh2+
46. Bd2 Ne7 47. Kc3 Nd5+ 48. Kc4 Rf2 49. Kb5 Nxf4 50. Bxf4 Rxf4 51. Ka6 h5 52.
Kxa7 h4 53. Kb6 Rg4 54. Rh3 Rg3 55. Rxh4 Rxb3+ 56. Kc5 Rd3 57. Kc4 Rd5 58. Re4
Kf8 59. Re1 Kg7 60. Rg1+ Kh6 61. Rf1 Kg6 62. Rg1+ Kf5 63. Rf1+ Kxe5 64. Rxf7
Rd1 65. Rf2 Kd6 66. Kc3 Kd5 67. Kc2 Rd4 68. Rf1 Ke4 69. Re1+ Kf5 70. Rf1+ Kg4
71. Re1 Rd6 72. Kc3 Kf5 73. Rf1+ Kg6 74. Re1 Kf6 75. Rf1+ Ke7 76. Re1 Rd5 77.
Kc4 Kd6 78. Rh1 Rd2 79. Kc3 Rg2 80. Kd3 Kd5 81. Rh8 Rg3+ 82. Kc2 Kc5 83. Kd2 e5
84. Rh4 Ra3 1/2-1/2

[Event "2.BLO 0607 Lok Leipzig Mit - SC Forchhe"]
[Site "?"]
[Date "2007.02.04"]
[Round "5.8"]
[White "Braun, Gottfried Dr"]
[Black "Bartsch, Berthold"]
[Result "1/2-1/2"]
[WhiteElo "2301"]
[BlackElo "2195"]
[PlyCount "69"]
[EventDate "2007.??.??"]

1. e4 c5 2. Nf3 Nf6 3. e5 Nd5 4. c3 e6 5. Bc4 d6 6. O-O Be7 7. d4 O-O 8. Nbd2
dxe5 9. dxe5 Nf4 10. Qc2 Nc6 11. Re1 Ng6 12. Qe4 Rb8 13. a4 a6 14. Bf1 b6 15.
Nc4 Bb7 16. Qg4 b5 17. axb5 axb5 18. Na3 Qd5 19. Bg5 Bxg5 20. Qxg5 c4 21. Rad1
Qc5 22. Qe3 Qxe3 23. Rxe3 Na7 24. Nd4 Bd5 25. Nac2 Ne7 26. Nb4 Rfd8 27. Ree1
Kf8 {(=)} 28. f4 Nac6 29. Ndxc6 Bxc6 30. Rd6 Bd5 31. Rxd8+ Rxd8 32. Kf2 Nc6 33.
Nxc6 Bxc6 34. Ke3 Ra8 35. Rd1 {(=)} 1/2-1/2

[Event "2.BLO 0607 USV TU Dresden - Leipzig Goh"]
[Site "?"]
[Date "2007.02.04"]
[Round "5.1"]
[White "Roos, Michael"]
[Black "Uhlmann, Wolfgang"]
[Result "1/2-1/2"]
[WhiteElo "2349"]
[BlackElo "2422"]
[PlyCount "31"]
[EventDate "2007.??.??"]

1. d4 Nf6 2. c4 g6 3. Nc3 Bg7 4. e4 O-O 5. g3 c5 6. d5 e6 7. Bd3 exd5 8. exd5
d6 9. Nge2 Nbd7 10. f4 Ne8 11. O-O f5 12. Bd2 Ndf6 13. Qc2 Nc7 14. a3 a5 15.
Rae1 Kh8 16. a4 {(=)} 1/2-1/2

[Event "2.BLO 0607 USV TU Dresden - Leipzig Goh"]
[Site "?"]
[Date "2007.02.04"]
[Round "5.2"]
[White "Wegener, Dirk"]
[Black "Dubiel, Jacek"]
[Result "1-0"]
[WhiteElo "2352"]
[BlackElo "2394"]
[PlyCount "78"]
[EventDate "2007.??.??"]

1. e4 c5 2. Nf3 e6 3. d4 cxd4 4. Nxd4 Nf6 5. Nc3 Nc6 6. Ndb5 Bb4 7. a3 Bxc3+ 8.
Nxc3 d5 9. exd5 exd5 10. Bd3 O-O 11. O-O d4 12. Ne2 Qd5 13. Nf4 Qd6 14. Nh5 Nd5
15. Qf3 Re8 16. Bg5 Ne5 17. Qg3 Bg4 18. Nxg7 Kxg7 19. h3 Kh8 20. hxg4 Rg8 21.
Qh2 Rg7 22. Rae1 f6 23. Bf5 Re8 24. Bh6 Rge7 25. Re4 Qb6 26. Bc1 Rg8 27. Rfe1
Reg7 28. Rd1 Ne7 29. Rxe5 fxe5 30. Qxe5 Nxf5 31. gxf5 Qc6 32. g3 Qxc2 33. Qxd4
Qxf5 34. Bh6 a6 35. Re1 Qf7 36. Rc1 Qe6 37. Bxg7+ Rxg7 38. Rc7 Qg6 39. Rxb7 h5
1-0

[Event "2.BLO 0607 USV TU Dresden - Leipzig Goh"]
[Site "?"]
[Date "2007.02.04"]
[Round "5.3"]
[White "Voigt, Roland"]
[Black "Eichner, Sebastian"]
[Result "1/2-1/2"]
[WhiteElo "2360"]
[BlackElo "2269"]
[PlyCount "140"]
[EventDate "2007.??.??"]

1. c4 c6 2. Nf3 d5 3. e3 Nf6 4. b3 Bf5 5. Be2 e6 6. O-O h6 7. Bb2 Be7 8. Qc1
O-O 9. Ba3 Nbd7 10. Bxe7 Qxe7 11. Qa3 Qxa3 12. Nxa3 Nc5 13. Ne5 Rad8 14. d4
Ncd7 15. Nxd7 Rxd7 16. Rac1 Re8 17. cxd5 Rxd5 18. Nc4 Red8 19. b4 Be4 20. f3
Bh7 21. Na5 Rb8 22. Rfd1 g5 23. Kf2 Kg7 24. a3 Ne8 25. h4 Rdd8 26. Nb3 Nd6 27.
hxg5 hxg5 28. Rc5 f6 29. e4 Bxe4 30. fxe4 Nxe4+ 31. Kf3 Nxc5 32. Nxc5 Rd6 33.
Bc4 e5 34. Re1 Re8 35. dxe5 Rxe5 36. Rxe5 fxe5 37. Nxb7 Rd1 38. Nc5 Kf6 39. Ba6
Ra1 40. a4 Rb1 41. Nd3 Ke6 42. Ke4 Rg1 43. Bc8+ Kf6 44. Bh3 g4 45. Bxg4 Rxg2
46. Nxe5 Ra2 47. Nxc6 Rxa4 48. Bd1 Ra3 49. Kd4 Ke6 50. Kc5 Kd7 51. Nd4 Ra1 52.
Bg4+ Kc7 53. Ne6+ Kb8 54. Kb5 Rg1 55. Bf3 Rf1 56. Be4 Rf6 57. Bd5 Rf5 58. Kc6
Rf6 59. b5 Rh6 60. Kd6 Rg6 61. Kd7 Rh6 62. Be4 a5 63. bxa6 Ka7 64. Bb7 Kb6 65.
Bc8 Rh7+ 66. Kd6 Rh6 67. Bb7 Ka7 68. Kd5 Kb6 69. Nd4 Rh5+ 70. Kc4 Ra5 1/2-1/2

[Event "2.BLO 0607 USV TU Dresden - Leipzig Goh"]
[Site "?"]
[Date "2007.02.04"]
[Round "5.4"]
[White "Goldberg, Alexander Dr"]
[Black "Schoeneberg, Manfred"]
[Result "1/2-1/2"]
[WhiteElo "2380"]
[BlackElo "2301"]
[PlyCount "71"]
[EventDate "2007.??.??"]

1. e4 c5 2. Nf3 g6 3. d4 Bg7 4. Nc3 Nc6 5. d5 Nd4 6. Nxd4 cxd4 7. Nb5 Qb6 8. c3
dxc3 9. Nxc3 d6 10. Bb5+ Kf8 11. Be2 h5 12. O-O Nf6 13. Qb3 Qxb3 14. axb3 Bd7
15. f3 Kg8 16. Be3 a6 17. Rfc1 Kh7 18. Na4 Bxa4 19. Rxa4 Rhc8 20. Rac4 Rxc4 21.
Rxc4 Ne8 22. Rc2 Kg8 23. b4 e6 24. dxe6 fxe6 25. b5 axb5 26. Bxb5 Kf7 27. b4
Bf6 28. Kf2 d5 29. exd5 exd5 30. Bd3 Ra3 31. Ke2 Rc3 32. Rxc3 Bxc3 33. b5 Nd6
34. Bc5 Be5 35. g3 g5 36. Bxd6 1/2-1/2